000 00903 a2200205 4500
999 _c5517
_d5517
020 _a0534393306
050 0 0 _aQA 303.2 STE 2003
100 1 _aStewart, James,
_d1941-
_eauthor
245 1 0 _aSingle variable calculus :
_bearly transcendentals /
_cJames Stewart.
250 _a5th ed.
264 _aLondon :
_bThomson
_c2003
300 _ax, 791p. :
_bill. (some col.) ;
500 _aIncludes index.
650 0 _aCalculus.
856 4 2 _3Contributor biographical information
_uhttp://www.loc.gov/catdir/enhancements/fy1103/2002112187-b.html
856 4 2 _3Publisher description
_uhttp://www.loc.gov/catdir/enhancements/fy1103/2002112187-d.html
856 4 1 _3Table of contents only
_uhttp://www.loc.gov/catdir/enhancements/fy1215/2002112187-t.html
942 _2lcc
_cBK
_e5th
_h303. 25
_iSTE
_kQA